000 00664nas a2200253 4500
001 BR9204427
003 BR-BrBNA
005 20231205092730.0
007 ta
008 230509b bl.|||p| |||| 00| 00por d
040 _aBR-BrBNA
_bpor
_cBiblioteca Nacional de Agricultura
041 _a(Pt)
072 _aM12
100 1 _aSchmidt, A.A.P.
245 1 _aEspecies de criacao [peixe]
650 _aPISCICULTURA
650 _aCARPA
650 _aCRIACAO
650 _aPESCA
650 _aPRATICO
773 0 _tRevista Nacional da Carne (Brazil)
_x
_g(1991), v. 15(168) p. 48
_wBR9204427
909 _a202311
_bLúcia
_c55
_dLúcia Elande
942 _2AGRIS
_n0
_cANA
999 _c133755
_d133755